Filme mit Tom Hanks - Sudden Death - Statistiken

Allgemein
  • Dieses Quiz wurde 964 mal gespielt
  • Das Durchschnittsergebnis liegt bei 7 aus 18
Answers on the Grid
Answers color-coded by a green-red scale on the quiz's grid according to % correct below.
Alles aus Liebe
Apollo 13
The Beach
Bruce Allmächtig
Cast Away – Verschollen
Catch Me If You Can
e-m@il für Dich
Ein (un)möglicher Härtefall
Eine Klasse für sich
Elvis Has Left the Building
Fegefeuer der Eitelkeiten
Flug ins Abenteuer
French Kiss
Forrest Gump
The Green Mile
Der Herr der Ringe: Die Gefährten
Ich träumte von Afrika
Die Insel
Joe gegen den Vulkan
Ladykillers
Mr. & Mrs. Bridge
Philadelphia
Die Piratenbraut
Rendezvous mit einem Engel
Road to Perdition
Scary Movie
Schlaflos in Seattle
The Sixth Sense
Sleepers
Der Soldat James Ryan
Mein Vater – Mein Freund
Der talentierte Mr. Ripley
Terminal
That Thing You Do!
Was Frauen wollen
Wer Sturm sät
 
Antwortstatistiken
Antwort % Korrekt
Als Forrest Gump Forrest Gump
90%
Als Chuck Noland Cast Away – Verschollen
78%
Als Paul Edgecomb The Green Mile
73%
Als Carl Hanratty Catch Me If You Can
67%
Als Captain John H. Miller Der Soldat James Ryan
65%
Als James A. Lovell Apollo 13
62%
Als Andrew Beckett Philadelphia
57%
Als Viktor Navorski Terminal
56%
Als Joe Fox e-m@il für Dich
47%
Als Sam Baldwin Schlaflos in Seattle
46%
Als Michael Sullivan Road to Perdition
25%
Als Jimmy Dugan Eine Klasse für sich
15%
Als Professor G.H. Dorr Ladykillers
15%
Als Joe Banks Joe gegen den Vulkan
11%
Als Sherman McCoy Fegefeuer der Eitelkeiten
10%
Als Mailbox-Elvis Elvis Has Left the Building
9%
Als Mr. White That Thing You Do!
8%
Als Mike / Erzähler Flug ins Abenteuer
5%
Keine übereinstimmenden Quizze gefunden
Verteilung der Resultate
Anzahl Personen mit jedem Resultat
Perzentil nach korrekt beantworteten Fragen
Ihre Resultats-Entwicklung
Sie haben dieses Quiz noch nicht gespielt